Chambers Book of Indian Election Facts/ (Record no. 205955)

MARC details
000 -LEADER
fixed length control field 00670nam a22001937a 4500
005 - DATE AND TIME OF LATEST TRANSACTION
control field 20240926163653.0
010 ## - LCCN (DPL NO)
LC control number ENG-141795
020 ## - INTERNATIONAL STANDARD BOOK NUMBER
International Standard Book Number 9789357318389
Terms of availability 699.00
035 ## - SYSTEM CONTROL NUMBER
System control number EN-125327
037 ## - SOURCE OF ACQUISITION
Source of stock number/acquisition DBAD
082 ## - DEWEY DECIMAL CLASSIFICATION NUMBER
Classification number 324.954
100 ## - MAIN ENTRY--PERSONAL NAME
Personal name Chatterjeee, Kingshuk
245 ## - TITLE STATEMENT
Title Chambers Book of Indian Election Facts/
Statement of responsibility, etc By Kingshuk Chatterjeee [and] Surbek Biswas
260 ## - PUBLICATION, DISTRIBUTION, ETC. (IMPRINT)
Place of publication, distribution, etc Gurugram
Name of publisher, distributor, etc Hachelle Book Publishing India Pvt Ltd
Date of publication, distribution, etc 2024
270 ## - ADDRESS
Address 4th & 5th Floor, Corporate Centre, Plot No. 94, Sector 44
City Gurugram
Postal code 122003
300 ## - PHYSICAL DESCRIPTION
Extent 563p.
Dimensions 20cm.(pb)
700 ## - ADDED ENTRY--PERSONAL NAME
Personal name Biswas, Surbek
Relator term Author
9 (RLIN) 72066
942 ## - ADDED ENTRY ELEMENTS (KOHA)
Source of classification or shelving scheme Dewey Decimal Classification
Item type English Books
Classification part 324.954
Call number suffix CHA
Holdings
Withdrawn status Lost status Not for loan Collection code Home library Current library Date acquired Source of acquisition Cost, normal purchase price Full call number Barcode Copy number Cost, replacement price Koha item type
    Not For Loan Non-fiction D.B.Act.Division D.B.Act.Division 26/09/2024 Delivery of Books Act Division 699.00 324.954 CHA EN-125327 1 699.00 English Books

© Delhi Public Library
Hit Counter
free hit counter